Online Catalogue and eLibrary

Thamil ilakkiyathil aravaanikal (Record no. 4646)

MARC details
000 -LEADER
fixed length control field 00443nam a2200157Ia 4500
005 - DATE AND TIME OF LATEST TRANSACTION
control field 20250320034937.0
008 - FIXED-LENGTH DATA ELEMENTS--GENERAL INFORMATION
fixed length control field 240331s9999 xx 000 0 und d
020 ## - INTERNATIONAL STANDARD BOOK NUMBER
ISBN 8190421158
082 ## - DDC Classification
Item Number - Author Mark MUN
Class No. 894
100 ## - MAIN ENTRY--PERSONAL NAME
Personal name Munish,V
245 #0 - TITLE STATEMENT
Title Thamil ilakkiyathil aravaanikal
260 ## - PUBLICATION, DISTRIBUTION, ETC.
Place of publication, distribution, etc. Madurai
Name of publisher, distributor, etc. Jayam Pathipakam
Date of publication, distribution, etc. 2008
300 ## - PHYSICAL DESCRIPTION
Extent (e.g. Volumes, Pages etc.) 112 p .,
500 ## - GENERAL NOTE
General note Aravaanikalai patri poorithalum Tamil Ilakkiyathil Avarakalai patriye aayvu
942 ## - Koha item type (Biblio)
Koha item type Books in Stacks (Lending)
Holdings
Lost status Damaged status Collection code Home library Current library Shelving location Date acquired Full call number Accession Number Item type
    Lending WERC Library WERC Library Social Science Cupboard 03/31/2024 894.811 MUN 6236 Books in Stacks (Lending)

© WERC Library